| 000 | 00401pam a2200157a 44500 | ||
|---|---|---|---|
| 008 | 230405s2010 xxu||||| |||| 00| 0 eng d | ||
| 041 | _aENG | ||
| 100 | _aGUPTA / | ||
| 245 | _aINDUSTRIAL & POWER ELECTRONICS | ||
| 260 |
_aNEW DELHI _bKHANNA PUBLISHAR _c2010 |
||
| 300 | _a712p. | ||
| 440 | _aSOURCE=SANKAPAL BOOK SELLERS SANGLI | ||
| 650 | _aVOCATIONAL | ||
| 690 | _aVOCATIONAL | ||
| 906 | _a10358 | ||
| 999 |
_c790574 _d790574 |
||